| 000 | 00840cam a2200265u 4500 | ||
|---|---|---|---|
| 999 |
_c127477 _d127477 |
||
| 001 | 8410105 | ||
| 003 | ARRUPE | ||
| 005 | 20180124095119.0 | ||
| 008 | 830809s1936 fr abf 000 0 fre | ||
| 010 | _a 57055967 | ||
| 040 |
_aDLC _cCarP _dDLC |
||
| 043 | _af------ | ||
| 050 | 0 | 0 |
_aDT14 _b.F69 1987 |
| 100 | 1 |
_aFrobenius, Leo, _d1873-1938. _925828 |
|
| 245 | 1 | 0 |
_aLa civilisation africaine; _cLeo Frobenius |
| 260 |
_aParis, _bLe Rocher _c1987 |
||
| 300 |
_a362 p. ; _c24 cm. |
||
| 440 |
_aCivilization and Tradition _938831 |
||
| 650 | 0 |
_aArt, History primitive _938832 |
|
| 650 | 0 |
_aLiterature, Primitive. _925830 |
|
| 650 | 0 |
_aFolk literature _zAfrica. _938833 |
|
| 651 | 0 |
_aAfrica _xCivilization. _938834 |
|
| 700 |
_aH. Back (tr.) _938835 |
||
| 700 |
_aD. Ermont (tr.) _938836 |
||
| 906 |
_a0 _bcbc _cpremunv _du _encip _f19 _gy-gencatlg |
||
| 942 |
_2lcc _cMONOGRAPH |
||